Catálogo público

Perspectivas del ejido / (Record no. 170632)

MARC details
000 -CABECERA
campo de control de longitud fija 01744nam a2200349 a 4500
001 - NÚMERO DE CONTROL
campo de control dia_204
003 - IDENTIFICADOR DEL NÚMERO DE CONTROL
campo de control CHAP
005 - FECHA Y HORA DE LA ÚLTIMA TRANSACCIÓN
campo de control 20240212130636.0
007 - CAMPO FIJO DE DESCRIPCIÓN FÍSICA--INFORMACIÓN GENERAL
campo de control de longitud fija ta
008 - DATOS DE LONGITUD FIJA--INFORMACIÓN GENERAL
campo de control de longitud fija 220117s1975 mx fr 001 0 spa d
010 ## - NÚMERO DE CONTROL DE LA BIBLIOTECA DEL CONGRESO
Número de control de LC 170632
040 ## - FUENTE DE LA CATALOGACIÓN
Centro/agencia transcriptor CHAP
Centro catalogador/agencia de origen mxchpua
050 ## - SIGNATURA TOPOGRÁFICA DE LA BIBLIOTECA DEL CONGRESO
Número de clasificación HD1289.M4
Número de documento/Ítem .F46 1975
082 ## - NÚMERO DE LA CLASIFICACIÓN DECIMAL DEWEY
Número de clasificación 333.2
Número de edición F46 1975
Número de documento/Ítem 20
100 1# - ENTRADA PRINCIPAL--NOMBRE DE PERSONA
Nombre de persona Fernández y Fernández, Ramón
9 (RLIN) 40322
245 10 - MENCIÓN DE TÍTULO
Título Perspectivas del ejido /
Mención de responsabilidad, etc. Ramón Fernández y Fernández
250 ## - MENCIÓN DE EDICIÓN
Mención de edición 1a edición
264 ## - PRODUCCIÓN, PUBLICACIÓN, DISTRIBUCIÓN, FABRICACIÓN Y COPYRIGHT
Producción, publicación, distribución, fabricación y copyright Chapingo, México :
Nombre del de productor, editor, distribuidor, fabricante ENA. Colegio de Postgraduados. Centro de Economía Agrícola,
Fecha de producción, publicación, distribución, fabricación o copyright 1975
300 ## - DESCRIPCIÓN FÍSICA
Extensión 137 páginas
500 ## - NOTA GENERAL
Nota general Incluye dedicatoria de donación
504 ## - NOTA DE BIBLIOGRAFÍA, ETC.
Nota de bibliografía, etc. Bibliografía: p. 137
520 2# - SUMARIO, ETC.
Sumario, etc. Una sensacion de frustracion; Esencia del problema del campo; Deficiencias del ejido; Acciones agrarias defectuosas; Minifundismo ejidal; El arrendamiento de tierras ejidales; Desarrollo o estancamiento; Formas de combate del minifundismo ejidal; Parcelas vacantes; Anticresis; Colectivización; Concentración parcelaria; Inseguridad de la posesión ejidal; Deficiencias de la pequena propiedad; Favorecer las transacciones que concentren la propiedad; Impedir la excesiva partición; Anticresis y ejecuciones hipotecarias; Programas de concentración; Colectivización; Hacia la mediana explotacion; Revision escalonada por regiones; Una nueva politica agraria.
650 13 - PUNTO DE ACCESO ADICIONAL DE MATERIA--TÉRMINO DE MATERIA
Término de materia o nombre geográfico como elemento de entrada Terreno agrícola
9 (RLIN) 188704
Subdivisión geográfica México
650 13 - PUNTO DE ACCESO ADICIONAL DE MATERIA--TÉRMINO DE MATERIA
Término de materia o nombre geográfico como elemento de entrada Tenencia de tierra
9 (RLIN) 147562
Subdivisión geográfica México
650 13 - PUNTO DE ACCESO ADICIONAL DE MATERIA--TÉRMINO DE MATERIA
Término de materia o nombre geográfico como elemento de entrada Agricultural land
9 (RLIN) 147559
Subdivisión geográfica Mexico
650 13 - PUNTO DE ACCESO ADICIONAL DE MATERIA--TÉRMINO DE MATERIA
Término de materia o nombre geográfico como elemento de entrada Land tenure
9 (RLIN) 147561
Subdivisión geográfica Mexico
942 ## - ELEMENTOS DE PUNTO DE ACCESO ADICIONAL (KOHA)
Fuente del sistema de clasificación o colocación Dewey Decimal Classification
942 ## - ELEMENTOS DE PUNTO DE ACCESO ADICIONAL (KOHA)
Tipo de ítem Koha Libro
901 ## - ELEMENTOS DE DATOS A LOCAL LDA (RLIN)
a 333.2 F46 1975
902 ## - ELEMENTOS DE DATOS B LOCAL, LDB (RLIN)
a M
905 ## - ELEMENTOS DE DATOS E LOCAL, LDE (RLIN)
a 5232271975 mx a 8223223322spa16
Holdings
Estado de retiro Estado de pérdida Fuente del sistema de clasificación o colocación Estado dañado Restricciones de uso No para préstamo Código de colección Localización permanente Ubicación/localización actual Fecha de adquisición Fuente de adquisición Número de inventario Total de préstamos Signatura topográfica completa Código de barras Fecha visto por última vez Número de copia Precio válido a partir de Tipo de ítem Koha
    Dewey Decimal Classification   Préstamo interno   General Ingenieria Agroindustrial Ingenieria Agroindustrial 18/01/2022 Donación Donación   333.2 F46 1975 1102004995 18/01/2022 Ej. 1 18/01/2022 Libro